000 00465nam a22001937a 4500
003 MPLRDC
005 20220104153001.0
008 210129b ||||| |||| 00| 0 eng d
020 _a962-357-937-3
082 _a857.621 YWM-2
100 _a宇无名
245 _a隔世桃源
_c
250 _a初版
260 _a
_b明窗出版社
_c1997
300 _b
490 _a宇无名超科幻系列. 8
650 _a科幻小说
942 _cBK
_o857.621 YWM-2
999 _c53189
_d53179